书目信息 |
| 题名: |
奥林匹克运动会成绩
|
|
| 作者: | 石戈 编 | |
| 分册: | ||
| 出版信息: | 北京 人民体育出版社 1964 |
|
| 页数: | 378页 | |
| 开本: | 21cm | |
| 丛书名: | ||
| 单 册: | ||
| 中图分类: | G811.81 | |
| 科图分类: | ||
| 主题词: | 运动成绩-奥运会--统计资料 | |
| 电子资源: | ||
| ISBN: | ||
| 000 | 00762nam0 2200253 45 | |
| 001 | 0180001168 | |
| 005 | 20060809091733.14 | |
| 010 | @dCNY1.62 | |
| 091 | @aCN@b7015.1801 | |
| 100 | @a19950502d1964 em y0chiy0121 ea | |
| 101 | 1 | @achi@cmul |
| 102 | @aCN@b110000 | |
| 105 | @ay i 000yy | |
| 200 | 10 | @a奥林匹克运动会成绩@e夏季1-20届,冬季1-11届@Aao lin pi ke yun dong hui cheng ji@f石戈编 |
| 210 | @a北京@c人民体育出版社@d1964 | |
| 215 | @a378页@d21cm | |
| 517 | 1 | @a夏季1-20届,冬季1-11届@Axia ji 1-20 jie,dong ji 1-11 jie |
| 601 | 02 | @a奥运会@x运动成绩@x统计资料 |
| 606 | @a运动成绩-奥运会@x统计资料 | |
| 690 | @aG811.81@v3 | |
| 701 | 0 | @a石戈@Ashi ge@4编 |
| 801 | 0 | @aCN@bTSSF@c20060809 |
| 801 | 2 | @aCN@bNLC@c20060804 |
| 905 | @a10447@dG811.81@e31 | |
| 奥林匹克运动会成绩:夏季1-20届,冬季1-11届/石戈编.-北京:人民体育出版社,1964 |
| 378页;21cm |
| ISBN :CNY1.62 |
| ● |
| 相关链接 |
|
|
|
|
正题名:奥林匹克运动会成绩
索取号:G811.81/31
 
预约/预借
| 序号 | 登录号 | 条形码 | 馆藏地/架位号 | 状态 | 备注 |
| 1 | 0446794 | 204467941 | 密集书库/ [索取号:G811.81/31] | 在馆 | |
| 2 | 0447778 | 204477789 | 密集书库/ [索取号:G811.81/31] | 在馆 |